| 000 | 01365cam a22003617a 4500 | ||
|---|---|---|---|
| 003 | CHAP | ||
| 005 | 20220329134817.0 | ||
| 008 | 971013s1982 r 10010 d | ||
| 010 | _a26331 | ||
| 011 | _a27303 | ||
| 035 | _a31404 | ||
| 040 | _cCHAP | ||
| 082 |
_a631.4 _bI57 |
||
| 111 | 0 | 0 |
_aInternational Symposium Polders of the World ( _d1982 _c: Lelystad, The Netherlands) _960064 |
| 245 | 0 | _aPapers | |
| 260 |
_aWageningen : _bILRI, _c1982 |
||
| 300 | _a3 v | ||
| 505 | _aContenido: v.1 Polder projects: Land and Water management aspects.- v.2 Polder agricultural socio-economic and physical planning environmental aspects.- v.3 late papers | ||
| 590 |
_aBATCH-UPD _b10 _c20130110 _lUCH01 _h1432 |
||
| 590 |
_aBATCH-UPD _b10 _c20130410 _lUCH01 _h0908 |
||
| 590 |
_aBATCH-UPD _b10 _c20130914 _lUCH01 _h2036 |
||
| 590 |
_aCONVERSION _b10 _c20130109 _lUCH01 _h1315 |
||
| 650 | 1 | 4 |
_aSuelos de Polder. _9110543 |
| 650 | 1 | 4 |
_aSuelos salinos. _9110558 |
| 650 | 1 | 4 |
_aSuelos _xHolanda. _9110389 |
| 650 | 1 | 4 |
_aTierras _xRecuperación de. _9113120 |
| 650 | 1 | 4 |
_aTierras _xUtilización. _9113219 |
| 901 | _aBK | ||
| 942 | _cLIBRO | ||
| 949 |
_a631.4 I57 _bBC _cLIBRO _d33724000060778 _eLIBRO _fv.1 _h62984 _i31404 _si |
||
| 949 |
_a631.4 I57 _bBC _cLIBRO _d33724000060786 _eLIBRO _fv.2 _h62985 _i31404 _si |
||
| 949 |
_a631.4 I57 _bBC _cLIBRO _d33724000060794 _eLIBRO _fv.3 _h62986 _i31404 _si |
||
| 999 |
_c26331 _d26331 |
||